000 00474nam a2200193Ia 4500
005 20240823013524.0
008 240823s9999||||xx |||||||||||||| ||und||
020 _a9971-51-390-0
041 _aENGLISH
082 _A658.8 P3
100 _a"Aaker,David A"
245 0 _aStrategic market management
250 _a6th
260 _c2003
_bWiley India Pv
_aNew Delhi
500 _aTRANSFERED
650 _aMarketing
_bManagement Studies
942 _cBK
999 _c167486
_d167486